A magyar nyelvtől az idegenforgalomig

Bibliographic Details
Main Author: Lacza, Tihamér, 1948- (Author, Interviewer)
Format: Article
Language:Hungarian
PhysicalDescription:Fotogr.
ISSN:1335-6445
Subjects:

MARC

LEADER 00000nab a2200000 a 4500
001 vtls010192096
003 SK-MaSNL
005 20260318124826.0
008 141024c2010 xo |||||||| 000 b|hun
015 |a SNBRB2010/11  |2 snkbucl 
038 |a SNKBUCL 
040 |a DSZK  |b slo  |c DSZK  |e AACR2 
041 0 |a hun 
044 |a xo  |c SK 
080 |a 378.4  |x (437.6)  |2 1997 
080 |a 378.096:371.13  |2 1997 
100 1 |a Lacza, Tihamér,  |d 1948-  |4 ivr  |4 aut  |9 100533 
245 1 0 |a A magyar nyelvtől az idegenforgalomig  |c Lacza Tihamér, Komzsík Attila 
300 |b Fotogr. 
610 2 7 |a Univerzita Konštantína Filozofa v Nitre.  |b Fakulta stredoeurópskych štúdií  |2 snkbucl  |9 180058 
655 7 |a rozhovory  |2 SNKPH  |9 31831 
700 1 |a Komzsík, Attila,  |d 1974-  |4 ive  |9 264536 
773 0 |t Katedra  |g Évf. XVIII, sz. 3 (2010), o. 21-22  |x 1335-6445 
852 |a SNK  |b KIS3GCP 
852 |a DSZK  |b KIS3GCP 
958 |a HU 
958 |a SK 
999 |c 2575795  |d 2577725